000 00261nam a22001217a 4500
008 181220b xxu||||| |||| 00| 0 eng d
041 _aeng
080 _a540
100 _a12
101 _aKIM
245 _aCollege Chemistry
_cNebergall,W.H
942 _2udc
_cBK
999 _c53539
_d53539